000
00251nam a22001097a 4500
082
_a
823
_b
VEN/W
100
_a
VENUS, PRAMEELA
245
_a
THE WISHING CARPET
246
_a
THE WISHING CARPET
_b
THE WISHING CARPET
650
_a
ENGLISH STORY
942
_c
BK
999
_c
8803
_d
8803